000
00286nam a2200121Ia 4500
008
221030s9999 xx 000 0 und d
041
_a
English
100
_a
A Kahate
245
0
_a
Introduction to Database Management systems
_c
by A Kahate
260
_c
0
650
_a
Mc
942
_c
BK
999
_c
14634
_d
14634